Statistiques concernant LDC 2024 - Les Hommes du Match des Phases Finales

Cliquez ici pour prendre le quiz!

Statistiques générales

  • Ce quiz a été pris 359 fois
    (38 depuis la dernière actualisation)
  • Le résultat moyen est 17 sur 28

Statistiques - réponses

DomicileExtérieurPhaseMatchNationalitéNuméroJoueur% Correct
Real SociedadParis Saint-Germain8èmes de FinaleRetourFrance7Kylian Mbappé
97%
Paris Saint-GermainReal Sociedad8èmes de FinaleAllerFrance7Kylian Mbappé
97%
FC CopenhagueManchester City8èmes de FinaleAllerBelgique17Kévin De Bruyne
90%
NaplesFC Barcelone8èmes de FinaleAllerPologne9Robert Lewandowski
81%
Real MadridBayern MunichDemi-FinaleRetourBrésil7Vinicius Junior
81%
Bayern MunichReal MadridDemi-FinaleAllerBrésil7Vinicius Junior
81%
Bayern MunichLazio Rome8èmes de FinaleRetourAngleterre9Harry Kane
77%
Atlético MadridBorussia DortmundQuarts de FinaleAllerFrance7Antoine Griezmann
74%
FC BarceloneParis Saint-GermainQuarts de FinaleRetourFrance10Ousmane Dembélé
71%
RB LeipzigReal Madrid8èmes de FinaleAllerMaroc21Brahim Diaz
68%
Manchester CityFC Copenhague8èmes de FinaleRetourSuisse25Manuel Akanji
68%
Borussia DortmundParis Saint-GermainDemi-FinaleRetourAllemagne15Mats Hummels
68%
Borussia DortmundParis Saint-GermainDemi-FinaleAllerAllemagne15Mats Hummels
68%
Manchester CityReal MadridQuarts de FinaleRetourUruguay15Federico Valverde
65%
ArsenalBayern MunichQuarts de FinaleAllerNorvège8Martin Odegaard
65%
Real MadridManchester CityQuarts de FinaleAllerAngleterre47Phil Foden
65%
Lazio RomeBayern Munich8èmes de FinaleAllerFrance8Mattéo Guendouzi
58%
Borussia DortmundPSV Eindhoven8èmes de FinaleRetourAngleterre10Jadon Sancho
55%
Atlético MadridInter Milan8èmes de FinaleRetourSlovénie13Jan Oblak
55%
Paris Saint-GermainFC BarceloneQuarts de FinaleAllerBrésil11Raphinha
55%
Bayern MunichArsenalQuarts de FinaleRetourAllemagne6Joshua Kimmich
48%
Inter MilanAtlético Madrid8èmes de FinaleAllerAutriche8Marko Arnautovic
45%
FC BarceloneNaples8èmes de FinaleRetourEspagne33Pau Cubarsi
42%
Real MadridRB Leipzig8èmes de FinaleRetourHongrie4Willi Orban
42%
ArsenalFC Porto8èmes de FinaleRetourEspagne22David Raya
39%
FC PortoArsenal8èmes de FinaleAllerBrésil13Wenderson Galeno
35%
Borussia DortmundAtlético MadridQuarts de FinaleRetourAllemagne19Julian Brandt
26%
PSV EindhovenBorussia Dortmund8èmes de FinaleAllerPays-Bas23Joey Veerman
10%

Distribution des résultats

Percentile par nombre de réponses

% des personnes avec chaque résultat

Votre développement - résultats

Vous n’avez pas pris ce quiz depuis la dernière actualisation